000 00331nam a2200133Ia 4500
008 210210b1976 xxu||||| |||| 00| 0 eng d
082 _a305.5 OMAI
100 _aO'MALLEY (L S S).
245 _aIndian caste customs.
260 _aCalcutta.
_bRupa & Co.,
_c1976
300 _aix,190
690 _aSocial Classes
906 _aSG00960
999 _c112321
_d112321